000356341 001__ 356341
000356341 005__ 20250112184339.0
000356341 022__ $$a2083-3725
000356341 022__ $$a2083-3725$$l2083-3725
000356341 022__ $$a2451-182X
000356341 0247_ $$2ZDBID$$aPERI:(DE-600)2923045-7
000356341 0247_ $$2ZDBPPN$$aZDPPN:1154443868
000356341 0247_ $$2EZBID$$aPERI:(DE-606)323847
000356341 0247_ $$2EZBID$$aPERI:(DE-606)323847
000356341 0247_ $$2OCLC$$aOCLC:1028549343
000356341 035__ $$aPERI:(DE-600)2923045-7
000356341 040__ $$a0206$$bger$$cDE-101$$dJOIN²$$eJOIN² journal identification
000356341 041__ $$apol
000356341 044__ $$cXA-PL
000356341 082__ $$223sdnb$$a330$$qDE-600
000356341 08274 $$223sdnb$$a330$$qDE-600
000356341 24220 $$2DE-600$$aEconomic and regional studies$$b= Studia ekonomicze i regionalne$$cpublished by Pope John Paul II State School of Higher Education in Biała Podlaska (Poland)$$yen
000356341 24220 $$2DE-600$$aEconomic and regional studies$$b= Studia ekonomicze i regionalne$$cpublished by Pope John Paul II State School of Higher Education in Biała Podlaska (Poland)
000356341 245__ $$2DE-600$$aEconomic and regional studies$$b= Studia ekonomicze i regionalne$$cpublished by Pope John Paul II State School of Higher Education in Biała Podlaska (Poland)$$honline, print
000356341 2463_ $$2DE-600$$aEconomic and regional studies
000356341 2463_ $$aEconomic and regional studies
000356341 2463_ $$a= Studia ekonomicze i regionalne
000356341 2463_ $$aStudia Ekonomiczne i Regionalne
000356341 260__ $$a[Biała Podlaska]$$b[Pope John Paul II State School of Higher Education in Biała Podlaska (Poland)]$$c[2011]-
000356341 2607_ $$2DOAJ$$aPoland$$bSciendo$$d2024-02-01T08:22:57Z$$fStudia Ekonomiczne i Regionalne
000356341 26431 $$a[Biała Podlaska]$$b[Pope John Paul II State School of Higher Education in Biała Podlaska (Poland)]$$c[2011]-
000356341 3620_ $$2DE-600$$aVol 4, no 1 (2011)-
000356341 36301 $$2DE-600$$81.1\x$$a4$$b1$$i2011
000356341 380__ $$2marcgt$$ajournal
000356341 500__ $$aAutomatically generated record. (Updated: 2024-12-19)
000356341 65310 $$2EZB-Subject$$aWirtschaftswissenschaften
000356341 65310 $$2EZB-Keyword$$aWirtschaftsbericht Osteuropa
000356341 65310 $$2DOAJ$$abusiness$$d2024-02-01T08:22:57Z
000356341 65310 $$2DOAJ$$asocio-economic geography$$d2024-02-01T08:22:57Z
000356341 65310 $$2DOAJ$$aspatial management$$d2024-02-01T08:22:57Z
000356341 65310 $$2DOAJ$$arural development$$d2024-02-01T08:22:57Z
000356341 65310 $$2DOAJ$$aregional development$$d2024-02-01T08:22:57Z
000356341 65310 $$2DOAJ$$aeconomics$$d2024-02-01T08:22:57Z
000356341 65310 $$2DOAJ$$aSocial Sciences: Communities. Classes. Races: Urban groups. The city. Urban sociology: Regional economics. Space in economics$$d2024-02-01T08:22:57Z
000356341 65310 $$2DOAJ$$aSocial Sciences: Economic theory. Demography: Economics as a science$$d2024-02-01T08:22:57Z
000356341 7102_ $$0(DE-101)1064600921$$2gnd$$4isb$$aPaństwowa Szkoła Wyższa Im. Papieża Jana Pawła II w Białej Podlaskiej$$eHerausgebendes Organ
000356341 77608 $$2DE-600$$iErscheint auch als$$nDruck-Ausgabe$$tEconomic and regional studies$$x2083-3725
000356341 8564_ $$d0$$uhttp://ers.edu.pl/OJS/index.php/erspl/index$$yVerlag = kostenfrei
000356341 8564_ $$d0$$uhttps://ezb.ur.de/?2923045-7$$yEZB
000356341 8564_ $$d0$$uhttps://sciendo-parsed-data-feed.s3.eu-central-1.amazonaws.com/ERS/Instructions_for_Authors.pdf$$yInstructions for Authors
000356341 8564_ $$d0$$uhttps://sciendo.com/journal/ERS?content-tab=aim-and-scope&top-tab=volumes-issues$$yJournal homepage (DOAJ)
000356341 8564_ $$d0$$uhttps://sciendo.com/journal/ERS?content-tab=editorial&top-tab=volumes-issues$$yEditorial board
000356341 8564_ $$d0$$uhttps://sciendo.com/journal/ERS?content-tab=how-to-submit&top-tab=volumes-issues$$yReview process
000356341 8801_ $$2DE-600$$aEconomic and regional studies$$b= Studia ekonomicze i regionalne$$cpublished by Pope John Paul II State School of Higher Education in Biała Podlaska (Poland)
000356341 909CO $$ooai:juser.fz-juelich.de:1036686$$pauthority:PERI$$pauthority
000356341 909CO $$ooai:juser.fz-juelich.de:1036686
000356341 915__ $$0StatID:(DE-HGF)0501$$2StatID$$aDBCoverage$$bDOAJ Seal$$d2024-02-01T08:22:57Z
000356341 915__ $$0StatID:(DE-HGF)0500$$2StatID$$aDBCoverage$$bDOAJ$$d2024-02-01T08:22:57Z
000356341 915__ $$0StatID:(DE-HGF)0030$$2StatID$$aPeer Review$$bDOAJ : Double anonymous peer review$$d2024-02-01T08:22:57Z
000356341 915__ $$0LIC:(DE-HGF)CCBYNV$$2V:(DE-HGF)$$aCreative Commons Attribution CC BY (No Version)$$bDOAJ$$d2024-02-01T08:22:57Z
000356341 980__ $$aPERI
000356341 980__ $$aAUTHORITY